00325nam a2200109Ia 4500003000400000008004100004040001600045082002200061100002900083245005700112490004600169GCL140319s9999 xx 000 0 ara d aGCL / cGCL04aطb372.52bش ك1 aشركة رشاد برس10aكتابى الثالث / cشركة رشاد برس aسلسلة التلوين للصغارv0